00675nam a22001937a 450000500170000001000150001702000260003203500140005803700130007208200140008510000260009924500750012526000340020027000530023430000200028794200250030799900190033295201300035120240408152445.0 aENG-139656 a9788192805726c500.00 aEN-123188 bDBAD/PUB a306.8521 aChhabra Shikha964396 aAdolescent Psychology:bIn Dual Children Families/cBy Shikha Chhabra  aLal GaneshbVivek Booksc2015 aRajanikanta Goswami Path, House No. 31bGuwahati a246p;c23CM(Hb) cENh306.852ddcmCHH c201406d201406 001040708NFICaBNbBNd2024-03-12eDBADg500.00l0o306.85 CHHpEN-123188r2024-03-12 00:00:00t 1v500.00w2024-03-12yEN